alle fruitsoorten - Statistieken

Algemene statistieken
  • Deze quiz is 60 keer genomen
  • De gemiddelde score is 26 van 184
Antwoordstatistieken
Hint Antwoord % Correct
a appel
100%
b banaan
93%
p peer
91%
d druif
89%
a aardbei
87%
s sinaasappel
87%
k kiwi
80%
m mandarijn
76%
f framboos
73%
m meloen
73%
w watermeloen
73%
a ananas
71%
b blauwe bes
69%
c citroen
69%
b braam
64%
l limoen
62%
m mango
62%
p perzik
62%
n nectarine
56%
a abrikoos
51%
g granaatappel
51%
k kers
51%
p pruim
51%
t tomaat
47%
r rode bes
42%
g grapefruit
38%
k kokosnoot
38%
v vijg
38%
a aalbes
36%
a avocado
36%
l lychee
36%
z zwarte bes
36%
p passievrucht
33%
d dadel
31%
p papaja
31%
c cranberry
27%
k kaki
24%
b bloedsinaasappel
22%
k kruisbes
20%
p pompelmoes
20%
c cactusvijg
16%
g guave
16%
c cantaloupe
13%
h honingmeloen
13%
k kweepeer
13%
a aki
11%
c clementine
11%
j jackfruit
11%
m mispel
11%
o olijf
11%
a acerola
9%
a appelbanaan
9%
a aprium
9%
a awarra
9%
b bergamot
9%
k kumquat
9%
v vlierbes
9%
w witte bes
9%
a aardbeiguave
7%
a afrikaanse baobab
7%
a alibertia
7%
a araza
7%
b babaco
7%
b bosaardbei
7%
c carambola
7%
c citrusvrucht
7%
d doerian
7%
g goudbes
7%
m moerbei
7%
p pomelo
7%
a ambarella
4%
a amerikaanse mammi-appel
4%
a amerikaanse persimoen
4%
a atemoya
4%
a azarole
4%
b broodvrucht
4%
c chinapeer
4%
c coronilla
4%
c curuba
4%
c custardappel
4%
f feijoa
4%
g gandaria
4%
i ikakopruim
4%
l lijsterbes
4%
l loquat
4%
l lotusvrucht
4%
s stervrucht
4%
b bauno
2%
b bergpapaja
2%
b bergzuurzak
2%
b biriba
2%
b blauwe bosbes
2%
b blimbing
2%
c cainito
2%
c calamondin
2%
c canistel
2%
c cashewappel
2%
c cassabanana
2%
c cherimoya
2%
c chinese kumquat
2%
c cili
2%
c costa rica-guave
2%
d djamboe aer
2%
d djamboe aer mawar
2%
d djamboe bol
2%
d djamboe semarang
2%
g gatenplantvrucht
2%
g gele mombinpruim
2%
g grosella
2%
j jaboticaba
2%
j japanse wijnbes
2%
j jujube
2%
k kiwano
2%
k kruipbraam
2%
k kwini
2%
m moendoe
2%
n nashipeer
2%
p pitaja
2%
p pluot
2%
r ramboetan
2%
r rozenbottel
2%
s surinaamse kers
2%
u ugli
2%
z zure kers
2%
z zuurzak
2%
g genipapo
0%
g grote bosaardbei
0%
j jakhalsbes
0%
j jambolan
0%
k kapoelasan
0%
k kei-appel
0%
k kepel
0%
k ketembilla
0%
k knippa
0%
k korlan
0%
l langsat
0%
l longan
0%
l lucuma
0%
l lulo
0%
m mabolo
0%
m mamey sapota
0%
m mangistan
0%
m marang
0%
m mexicaanse aardkers
0%
m mini-kiwi
0%
m moriche
0%
n nance
0%
n natalpruim
0%
n noni
0%
o olifantsappel
0%
o orinoco-appel
0%
p papeda
0%
p pawpaw
0%
p pepino
0%
p perzikpalm
0%
p pitomba
0%
p prachtframboos
0%
r rijsbes
0%
r rode moerbei
0%
r rode mombinpruim
0%
s salak
0%
s santol
0%
s sapodilla
0%
s satsuma
0%
s schroefpalm
0%
s sharonfruit
0%
s slijmappel
0%
s soncoya
0%
s stinkende mango
0%
s stranddruif
0%
s sweetie
0%
s switbonki
0%
t tamarillo
0%
t tjampedak
0%
t tomatillo
0%
w wampi
0%
w witte moerbei
0%
w witte zapote
0%
y yang mei
0%
z zoete kers
0%
z zoete passievrucht
0%
z zoetzak
0%
z zwarte moerbei
0%
z zwarte zapote
0%
Geen overeenkomende quizzen gevonden
Scoreverdeling
Procent van Mensen met Elke Score
Percentiel versus Aantal Correcte Antwoorden
Uw Scoregeschiedenis
U heeft deze quiz nog niet genomen